|
|
|
|
| LEADER |
01298nam a22002777a 4500 |
| 001 |
41760 |
| 003 |
BD-DhAAL |
| 008 |
230924t1997 bg a|||| b||| 001 0 ben d |
| 020 |
|
|
|a 9840735624
|
| 040 |
|
|
|a BD-DhAAL
|c BD-DhAAL
|
| 041 |
|
|
|a ben
|
| 082 |
|
|
|a 580
|2 23
|
| 100 |
|
|
|a লাহিড়ী, অরুণ কুমার.
|9 18699
|
| 245 |
|
|
|a ফলিত উদ্ভিদ ও কাঠ রসায়ন /
|c অরুণ কুমার লাহিড়ী.
|
| 246 |
|
|
|a Folito udvid o katt roshaon
|
| 246 |
|
|
|a Applied plant and wood chemistry
|
| 260 |
|
|
|a ঢাকা :
|b বাংলা একাডেমী,
|c ১৯৯৭.
|
| 300 |
|
|
|a ৩৩৪ পৃষ্ঠা :
|b চিত্র ;
|c ২২ সে.মি.
|
| 504 |
|
|
|a গ্রন্থপঞ্জিগত নির্দেশিকা ও নির্ঘণ্ট অন্তর্ভুক্ত।
|
| 526 |
|
|
|a BIED
|
| 541 |
|
|
|a Complimentary copy from BIED
|e 41760
|
| 650 |
|
|
|a Botany.
|9 27259
|
| 852 |
|
|
|a Ayesha Abed Library
|c BIED Collection
|
| 942 |
|
|
|2 ddc
|c BK
|
| 999 |
|
|
|c 46156
|d 46156
|
| 952 |
|
|
|0 0
|1 0
|2 ddc
|4 0
|6 580_000000000000000_LAH
|7 0
|9 74415
|a BRACUL
|b BRACUL
|c GEN
|d 2023-09-24
|e Complimentary copy from BIED
|g 100.00
|l 0
|o 580 LAH
|p 3010041760
|r 2023-09-24
|t 1
|w 2023-09-24
|y BK
|x Transferred from BIED to General Stacks
|